000 01465nam a2200265Ia 4500
999 _c54619
_d54619
001 21686
003 GE_BSU
005 20211214160138.0
008 181216s ||||ge |||||||||||||| ||geo||
020 _a9789941462474
040 _cGE_BSU
041 _ageo
080 _a378.4(479.223)(063) ბ-17
245 _aბათუმის შოთა რუსთაველის სახელმწიფო უნივერსიტეტის 80 წლისადმი მიძღვნილი ჰუმანიტარულ მეცნიერებათა ფაკულტეტის დოქტორანტთა და ახალგაზრდა მეცნიერთა II სამეცნიერო კონფერენციის მასალები 2015 /
_cრედ. მ. გიორგაძე.
264 _aბათუმი :
_bბსუ,
_c2017.
300 _a257 გვ. ;
_c30 სმ.
500 _aპარალელური სათაური ინგლისურ ენაზე
504 _aბიბლიოგრაფია ტექსტების ბოლოს
520 _aპარალ. სათ.ინგლ.ენ.
541 _h13 ლ.
653 _aკონფერენციის მასალები
653 _aშრომები
700 _aგიორგაძე, მ.
_eრედაქტორი
_94082
942 _cBK
_2udc